| 000 | 00000nam##2200000za#4500 |
| 001 | 9.647891 |
| 003 | CaOODSP |
| 005 | 20210615112831 |
| 007 | ta |
| 008 | 150407|2000||||xxc||||| f|0| 0 eng|d |
| 020 | |a0-662-29388-6 |
| 040 | |aCaOODSP|beng |
| 043 | |an-cn--- |
| 086 | 1 |aH49-145/2000E |
| 110 | 1 |aCanada.|bHealth Canada. |bPopulation and Public Health Branch. |
| 245 | 10|aNational Diabetes Surveillance System (NDSS) business plan |
| 250 | |aRevised May 31, 2000. |
| 260 | |aOttawa - Ontario : |bHealth Canada. |c2000. |
| 300 | |a32p. in various pagings. : |bgraphs, tables ; |c28 cm. |
| 500 | |a"The main goal of the NDSS are to develop, facilitate, and coordinate national, provincial, territorial, and aboriginal diabetes surveillance, beginning with the implementation of a standardized model for core surveillance."--Executive summary. |
| 520 | 3 |aThe main goal of the NDSS are to develop, facilitate, and coordinate national, provincial, territorial, and aboriginal diabetes surveillance, beginning with the implementation of a standardized model for core surveillance.--Executive summary |
| 563 | |aRing binding |
| 590 | |a00-39|b2000-09-29 |
| 690 | 07|aDiabetes|2gcpds |
| 690 | 07|aHealth promotion|2gcpds |
| 775 | 08|tSystème national de surveillance du diabète (SNSD), plan d'activités |w(CaOODSP)9.681272 |
| 776 | 0#|tNational Diabetes Surveillance System (NDSS) business plan / |w(CaOODSP)9.695426 |